• 首页
  • 本馆介绍
  • 公告通知
  • 最新文献
  • 馆藏检索
  • 电子资源
  • 读者导购
  • 参考咨询
  • 我的图书馆
  • 登录
  • 详细信息显示
  • 放入我的书架
  • 预约/预借图书
  • 作者相关作品
  • 分类相关作品
  • 丛书相关作品
  • 出版社相关作品

书目信息

  • 表格格式
  • 工作单格式
  • 卡片格式
题名:
英语常用词汇
    
 
作者: 高名凯 , 刘正〓 编
分册:  
出版信息: 北京   商务印书馆  1960
页数: 299页
开本: 18cm
丛书名:
单 册:
中图分类: H313.1
科图分类:
主题词: 英语-词汇 , 词汇-英语
电子资源:
ISBN:
000 00757nam0 2200277 45
001 0178004692
005 20040505133503.9
010    @dCNY0.76
091    @a9017.169
100    @a19950718e19781960em y0chiy0121 ea
101 0  @achi@aeng
102    @aCN@b110000
105    @ay z 000yy
106    @ar
200 10 @a英语常用词汇@Aying yu chang yong ci hui@f高名凯,刘正〓编
205    @a修订本
210    @a北京@c商务印书馆@d1960@h1978重印
215    @a299页@d18cm
303    @a〓=〔土炎〕(tan)
606    @a英语-词汇
606    @a词汇-英语
690    @aH313.1@v3
701  0 @a高名凯@Agao ming kai@4编
701  0 @a刘正〓@Aliu zheng tan@4编
801  0 @aCN@bNLC@c20040505
905    @dH313.1@e10@f2@b129812-813@b65213-214@f2@f1@b65208@f1@b65216
    
    英语常用词汇/高名凯,刘正〓编.-修订本.-北京:商务印书馆,1960(1978重印)
    299页;18cm
    
    
    ISBN :CNY0.76
    
●
相关链接 在E读中查询图书 在五车中查询图书 在当当中查询图书 在豆瓣中查询图书


正题名:英语常用词汇     索取号:H313.1/10         预约/预借

序号 登录号 条形码 馆藏地/架位号 状态 备注
1 0065208   000946230   第四借阅区/ [索取号:H313.1/10] 在馆    
2 0065213   000946196   密集书库/ [索取号:H313.1/10] 在馆    
3 0065214   000946114   密集书库/ [索取号:H313.1/10] 在馆    
4 0065216   000946141   第二样本阅览室/ [索取号:H313.1/10] 在馆    
5 0129812   000946105   密集书库/ [索取号:H313.1/10] 在馆    
6 0129813   000946150   密集书库/ [索取号:H313.1/10] 在馆    
唐山师范学院图书馆 欢迎您!
大连网信软件有限公司© 版权所有